| 000 | 00838nam a2200241 i 4500 | ||
|---|---|---|---|
| 001 | 95283 | ||
| 003 | ES-MaACL | ||
| 005 | 20250822042958.0 | ||
| 007 | t| | ||
| 008 | 050525s1973 sp ||||1| spa d | ||
| 020 | _a84-7330-005-X | ||
| 080 | _a616.89-008.461 | ||
| 100 | 1 |
_aLuriia, Aleksandr Romanovich, _d1902-1977 _9174275 |
|
| 245 | 1 | 0 |
_aPequeño libro de una gran memoria : _b(la mente de un mnemonista) / _cA.R. Luria ; [traducción directamente del ruso de Lydia Kuper de Velasco]. |
| 260 |
_aMadrid : _bJosefina Betancor, _c1973. |
||
| 300 |
_a162 p. ; _c18 cm. |
||
| 490 | 1 |
_aTaller uno. Psicología ; _v6 |
|
| 650 | 4 |
_aMemoria- _xTrastornos. _9160130 |
|
| 700 | 1 |
_aKúper, Lydia, _d1910-2011 _969046 |
|
| 830 | 1 | 0 |
_aTaller uno. _pPsicología _v6 _9232183 |
| 852 | 4 |
_aES-MaACL _jE-5028 |
|
| 999 |
_c95283 _d95283 |
||